| 000 | 00621nam a2200181Ia 4500 | ||
|---|---|---|---|
| 008 | 090123s9999 xx 000 0 und d | ||
| 082 | _b23436 | ||
| 100 | _aमथुरे सुरेश | ||
| 245 | _aविज्ञानाचे वाटाडे | ||
| 250 | _a2 | ||
| 260 |
_bअनिरुध्द साहित्य प्रकाशन _c1984 |
||
| 300 | _a68 | ||
| 600 | _aमथुरे सुरेश | ||
| 630 | _aविज्ञानाचे वाटाडे | ||
| 700 | _aमथुरे सुरेश | ||
| 730 | _aविज्ञानाचे वाटाडे | ||
| 942 | _cBOOK | ||
| 999 |
_c61507 _d61507 |
||